<?xml version="1.0" encoding="UTF-8"?>
<record
    xmlns:xsi="http://www.w3.org/2001/XMLSchema-instance"
    xsi:schemaLocation="http://www.loc.gov/MARC21/slim http://www.loc.gov/standards/marcxml/schema/MARC21slim.xsd"
    xmlns="http://www.loc.gov/MARC21/slim">

  <leader>01911nam a2200277   4500</leader>
  <controlfield tag="003">OSt</controlfield>
  <controlfield tag="005">20221018161619.0</controlfield>
  <controlfield tag="008">220509s2011    ck ao||br|||| 00| 0dspa d</controlfield>
  <datafield tag="020" ind1=" " ind2=" ">
    <subfield code="a">9789583037573</subfield>
  </datafield>
  <datafield tag="040" ind1=" " ind2=" ">
    <subfield code="a">CO-JMCR</subfield>
    <subfield code="c">CO-JMCR</subfield>
  </datafield>
  <datafield tag="041" ind1="1" ind2=" ">
    <subfield code="a">spa</subfield>
    <subfield code="h">ger</subfield>
  </datafield>
  <datafield tag="082" ind1="0" ind2="4">
    <subfield code="a">507.8 /</subfield>
    <subfield code="b">K922c</subfield>
    <subfield code="2">23</subfield>
  </datafield>
  <datafield tag="100" ind1="1" ind2=" ">
    <subfield code="a">Krekeler, Hermann, </subfield>
    <subfield code="d">autor</subfield>
    <subfield code="9">42076</subfield>
  </datafield>
  <datafield tag="245" ind1="1" ind2="0">
    <subfield code="a">49 experimentos : </subfield>
    <subfield code="b">Sencillos y divertidos / </subfield>
    <subfield code="c">Hermann Krekeler ; traducci&#xF3;n, Mercedes J. C&#xE1;rdenas</subfield>
  </datafield>
  <datafield tag="246" ind1="1" ind2="7">
    <subfield code="a">Cuarenta y nueve experimentos : </subfield>
    <subfield code="b">sencillos y divertidos</subfield>
  </datafield>
  <datafield tag="250" ind1=" " ind2=" ">
    <subfield code="a">Primera edici&#xF3;n</subfield>
  </datafield>
  <datafield tag="260" ind1=" " ind2=" ">
    <subfield code="a">Bogot&#xE1; : </subfield>
    <subfield code="b">Panamericana, </subfield>
    <subfield code="c">2011</subfield>
  </datafield>
  <datafield tag="300" ind1=" " ind2=" ">
    <subfield code="a">114 p&#xE1;ginas : </subfield>
    <subfield code="b">ilustraciones y fotograf&#xED;as a color ; </subfield>
    <subfield code="c">28 cm.</subfield>
  </datafield>
  <datafield tag="500" ind1=" " ind2=" ">
    <subfield code="a">Incluye datos biogr&#xE1;ficos sobre el autor</subfield>
  </datafield>
  <datafield tag="505" ind1="0" ind2=" ">
    <subfield code="a">Fen&#xF3;menos ac&#xFA;sticos. -- Fen&#xF3;menos e propulsi&#xF3;n. -- Fen&#xF3;menos de ascension. -- Fen&#xF3;menos electrost&#xE1;ticos. -- Fen&#xF3;menos "de peso". -- Fen&#xF3;menos &#xF3;pticos. -- Fen&#xF3;menos del plano inclinado. -- &#xA1;Trucos sorprendentes!</subfield>
  </datafield>
  <datafield tag="520" ind1="3" ind2=" ">
    <subfield code="a">&#xBF;C&#xF3;mo se produce el sonido y se hace visible? &#xBF;C&#xF3;mo funciona la corriente sin bater&#xED;a? &#xBF;Qu&#xE9; objetos flotan y cu&#xE1;les no? &#xBF;C&#xF3;mo se acumula la energ&#xED;a? En este libro encontrar&#xE1;s estas y muchas otras respuestas relacionadas con las leyes de la naturaleza, las cuales descubrir&#xE1;s mediante experimentos sorprendentes.
Si eres una persona curiosa y te gusta saber c&#xF3;mo funcionan las cosas, seguro te encantar&#xE1; hacer los diferentes experimentos propuestos en este libro, relacionados con la ac&#xFA;stica, la propulsi&#xF3;n, la electrost&#xE1;tica, el peso, el equilibrio, la &#xF3;ptica y la inercia. Y lo mejor: casi todo los materiales que necesitar&#xE1;s podr&#xE1;s encontrarlos en tu casa. &#xA1;Divi&#xE9;rtete descubriendo la explicaci&#xF3;n de diferentes fen&#xF3;menos naturales!</subfield>
  </datafield>
  <datafield tag="546" ind1=" " ind2=" ">
    <subfield code="a">Traducido del alem&#xE1;n.</subfield>
  </datafield>
  <datafield tag="650" ind1="1" ind2="4">
    <subfield code="a">Experimentos</subfield>
    <subfield code="9">9593</subfield>
  </datafield>
  <datafield tag="700" ind1="1" ind2=" ">
    <subfield code="a">C&#xE1;rdenas, Mercedes J., </subfield>
    <subfield code="e">traductora</subfield>
    <subfield code="9">42413</subfield>
  </datafield>
  <datafield tag="942" ind1=" " ind2=" ">
    <subfield code="2">ddc</subfield>
    <subfield code="c">BK</subfield>
  </datafield>
  <datafield tag="999" ind1=" " ind2=" ">
    <subfield code="c">29223</subfield>
    <subfield code="d">15877</subfield>
  </datafield>
  <datafield tag="952" ind1=" " ind2=" ">
    <subfield code="0">0</subfield>
    <subfield code="1">0</subfield>
    <subfield code="2">ddc</subfield>
    <subfield code="4">0</subfield>
    <subfield code="7">0</subfield>
    <subfield code="a">CPL</subfield>
    <subfield code="b">CPL</subfield>
    <subfield code="c">GEN</subfield>
    <subfield code="d">0000-00-00</subfield>
    <subfield code="e">Donaci&#xF3;n</subfield>
    <subfield code="l">1</subfield>
    <subfield code="o">507.8 / K922c</subfield>
    <subfield code="p">201811543</subfield>
    <subfield code="r">2023-08-25 00:00:00</subfield>
    <subfield code="s">2023-08-25</subfield>
    <subfield code="t">Ej.1</subfield>
    <subfield code="w">2022-05-09</subfield>
    <subfield code="y">BK</subfield>
  </datafield>
</record>
